000 00646nam a2200229Ia 4500
003 OSt
005 20220928150254.0
006 a|||||r|||| 00| 0
007 ta
008 220927b |||||||| |||| 00| 0 eng d
024 _a89339
037 _cTextual
040 _aSDCL
_cSDCL
_beng
041 _2eng
_aeng
082 _aI9M, N4
100 _aCoruzzi Glori
_9515886
245 0 _aPlant molecular biology
_b Molecuar genetic analysis of plant development and metabolism
260 _c1994
700 _a Puigdomenech Pere
_9515887
942 _hI9M, N4
_cTEXL
_2CC
999 _c840999
_d840999